Umschriebene Lese-Rechtschreibstörung

Guardado en:  
Detalles Bibliográficos
Autor principal: Warnke, Andreas 1945- (Autor)
Tipo de documento: Print Artículo
Lenguaje:Alemán
Publicado: 1996
En: Lehrbuch der klinischen Kinderpsychologie
Año: 1996, Páginas: 287-323
Verificar disponibilidad: HBZ Gateway
Palabras clave:

MARC

LEADER 00000caa a22000002c 4500
001 1525826824
003 DE-627
005 20220604104641.0
007 tu
008 160223s1996 xx ||||| 00| ||ger c
020 |a 3801709590 
035 |a (DE-627)1525826824 
035 |a (DE-576)45582682X 
035 |a (DE-599)BSZ45582682X 
040 |a DE-627  |b ger  |c DE-627  |e rakwb 
041 |a ger 
100 1 |a Warnke, Andreas  |d 1945-  |0 (DE-588)123592895  |0 (DE-627)082648441  |0 (DE-576)293780706  |4 aut 
109 |a Warnke, Andreas 1945-  |a Warnke, A. 1945- 
245 1 0 |a Umschriebene Lese-Rechtschreibstörung  |c Andreas Warnke 
264 1 |c 1996 
336 |a Text  |b txt  |2 rdacontent 
337 |a ohne Hilfsmittel zu benutzen  |b n  |2 rdamedia 
338 |a Band  |b nc  |2 rdacarrier 
773 0 8 |i In  |t Lehrbuch der klinischen Kinderpsychologie  |b 2., korrigierte und erg. Aufl.  |d Göttingen : Hogrefe, Verl. für Psychologie, 1996  |g (1996), Seite 287-323  |h X, 641 S.  |w (DE-627)090058992  |w (DE-576)049530909  |z 3801709590  |7 nnam 
773 1 8 |g year:1996  |g pages:287-323 
935 |a mkri 
951 |a AR 
ELC |b 1 
LOK |0 000 xxxxxcx a22 zn 4500 
LOK |0 001 2899287230 
LOK |0 003 DE-627 
LOK |0 004 1525826824 
LOK |0 005 20251104113549 
LOK |0 008 160208||||||||||||||||ger||||||| 
LOK |0 040   |a DE-21-110  |c DE-627  |d DE-21-110 
LOK |0 689   |a s  |a Lese-Rechtschreibstörung 
LOK |0 852   |a DE-21-110 
LOK |0 852 1  |m p  |9 00 
LOK |0 935   |a k110 
LOK |0 938   |k p 
LOK |0 939   |a 08-02-16  |b l01 
ORI |a SA-MARC-krimdoka001.raw